000 00479nam a22001817a 4500
003 OSt
008 230509b |||||||| |||| 00| 0 eng d
020 _a9789384502935
041 _aeng
082 _a630.162
_bMUZ/CO
100 _aMuzamil, M
_94674
100 _aAsima jillani; Jagvir dixit, Junaid .N.Khan
_95442
245 _aCompetitive approach in agricultural engineering
250 _a1
260 _aNew delhi
_bAgribio vet press
_c2021
300 _a222
942 _cBK
999 _c17678
_d17678